|
|
|
|
| LEADER |
01525nam a22002897a 4500 |
| 001 |
33427 |
| 003 |
BD-DhAAL |
| 005 |
20250623163800.0 |
| 008 |
180717t2004 bg a|||| ||||f00| 0 ben d |
| 020 |
|
|
|a 9848090193
|
| 040 |
|
|
|a BD-DhAAL
|d BD-DhAAL
|
| 082 |
|
|
|a 378.33095492
|2 22
|
| 245 |
|
|
|a বার্ষিক প্রতিবেদন ২০০৩ /
|
| 246 |
|
|
|a Barshik protibedon ( Annual report 2003 )
|
| 260 |
|
|
|a ঢাকা :
|b বাংলাদেশ বিশ্ববিদ্যালয় মঞ্জুরী কমিশন,
|c ২০০৪.
|
| 300 |
|
|
|a ১৭১ পৃষ্ঠা :
|b চিত্র ;
|c ২৫ সে. মি.
|
| 526 |
|
|
|a AAL
|
| 541 |
|
|
|a Complimentary copy
|e 33427, 33428
|
| 610 |
|
|
|a Bangladesh.
|b University Grants Commission
|v Periodicals.
|9 27469
|
| 650 |
|
|
|a Education, Higher
|z Bangladesh.
|v Periodicals.
|9 27470
|
| 650 |
|
|
|a Government aid to higher education
|z Bangladesh.
|v Periodicals.
|9 27471
|
| 710 |
|
|
|a বাংলাদেশ.
|b বিশ্ববিদ্যালয় মঞ্জুরী কমিশন.
|9 27472
|
| 852 |
|
|
|a Ayesha Abed Library
|c General Stacks
|
| 942 |
|
|
|2 ddc
|c BK
|
| 999 |
|
|
|c 39820
|d 39820
|
| 952 |
|
|
|0 0
|1 0
|2 ddc
|4 0
|6 378_330954920000000_BAR
|7 0
|9 63854
|a BRACUL
|b BRACUL
|c GEN
|d 2018-07-17
|e Complementary copy
|l 0
|o 378.33095492 BAR
|p 3010033427
|r 2018-07-17
|t 1
|w 2018-07-17
|y BK
|
| 952 |
|
|
|0 0
|1 0
|2 ddc
|4 0
|6 378_330954920000000_BAR
|7 0
|9 63855
|a BRACUL
|b BRACUL
|c GEN
|d 2018-07-17
|e Complementary copy
|l 0
|o 378.33095492 BAR
|p 3010033428
|r 2018-07-17
|t 2
|w 2018-07-17
|y BK
|